000 00677nam a2200253Ia 4500
003 OSt
005 20221005081900.0
006 a|||||r|||| 00| 0
007 ta
008 221004b |||||||| |||| 00| 0 eng d
020 _a0761912959
024 _a32637
037 _cTextual
040 _aCRL
_cCRL
_beng
041 _2eng
_aeng
082 _aS:f3, N9
245 0 _aSocial experiments
_b Evaluating public programs with experimental methods
260 _aNew Delhi
_bSage Publication India
_c1999
300 _a263p.
_ccm.
650 _a PSYCHOLOGY
650 _aPSYCHOLOGY - RESEARCH
942 _hS:f3, N9
_cTEXL
_2cc
999 _c988390
_d988390